KOHA-Header-6

Tribal Business School lessons in business survival and success from the ultimate (Record no. 868)

000 -LEADER
fixed length control field 00344nam a2200121Ia 4500
008 - FIXED-LENGTH DATA ELEMENTS--GENERAL INFORMATION
fixed length control field 190722s9999 xx 000 0 und d
020 ## - INTERNATIONAL STANDARD BOOK NUMBER
International Standard Book Number 9.7804707278e+012
100 ## - MAIN ENTRY--PERSONAL NAME
Personal name Jo Owen
245 #0 - TITLE STATEMENT
Title Tribal Business School lessons in business survival and success from the ultimate
260 ## - PUBLICATION, DISTRIBUTION, ETC. (IMPRINT)
Place of publication, distribution, etc New Delhi
Name of publisher, distributor, etc Pearson
Date of publication, distribution, etc 2008
300 ## - PHYSICAL DESCRIPTION
Extent 138
942 ## - ADDED ENTRY ELEMENTS (KOHA)
Koha item type Books
Holdings
Withdrawn status Lost status Damaged status Not for loan Collection code Permanent Location Current Location Shelving location Date acquired Full call number Barcode Date last seen Price effective from Koha item type
        Business MAJU MAJU   2019-07-22 658.409 7494 2019-07-22 2019-07-22 Business

Powered by Koha